| 000 | 02680pam a2200457 i 4500 | ||
|---|---|---|---|
| 001 | 2024031430 | ||
| 003 | DLC | ||
| 005 | 20251031113527.0 | ||
| 008 | 240712s2025 maua b b 000 0 eng | ||
| 010 | _a 2024031430 | ||
| 020 |
_a9781623543952 _q(hardcover) |
||
| 020 |
_z9781632893673 _q(ebook) |
||
| 035 | _a(OCoLC)1474965240 | ||
| 040 |
_aPSt/DLC _beng _erda _cDLC _dDLC _dTnLvILS |
||
| 042 | _apcc | ||
| 043 | _an-us--- | ||
| 050 | 0 | 0 |
_aTL789.8.U6 _bA5818245 2025 |
| 082 | 0 | 0 |
_a629.45/40973 _223/eng/20241203 |
| 100 | 1 |
_aSlade, Suzanne, _eauthor. _95738972 |
|
| 245 | 1 | 0 |
_aWomen on a mission : _bthe remarkable heroes who put men on the moon / _cSuzanne Slade ; illustrated by Molly Magnell. |
| 264 | 1 |
_aWatertown, MA : _bCharlesbridge, _c[2025] |
|
| 264 | 4 | _c�2025 | |
| 300 |
_a48 pages : _billustrations ; _c26 cm |
||
| 336 | _atext | ||
| 337 | _aunmediated | ||
| 338 | _avolume | ||
| 504 | _aIncludes bibliographical references. | ||
| 505 | 0 | _aIntroduction : a team of four hundred thousand -- Plotting the first flight paths : Mary Golda Ross -- Designing the rocket : Margaret Brennecke -- Organizing a massive mission : Josephine Jue -- Keeping the crew healthy : Dee O'Hara -- Preparing for liftoff : JoAnn Morgan -- Igniting the dream : Reatha Clark King -- Dining in space : Rita Rapp -- Eagle has landed : Phyllis Gaylard -- The world watches in awe : Naomi McAfee -- A walk on the moon : Hazel Fellows -- Collecting precious rocks : Yvonne Young Clark -- Returning safely home : Katherine Johnson -- Conclusion : Team Apollo celebrates -- After Apollo : women take flight. | |
| 520 |
_a"Learn about the twelve diverse women who made invaluable contributions in America's quest to visit the moon, paving the way for future women engineers and astronauts"-- _cProvided by publisher. |
||
| 588 |
_aDescription based on publisher data. _5TnLvILS |
||
| 610 | 2 | 0 |
_aProject Apollo (U.S.) _xHistory _vJuvenile literature. _95705975 |
| 650 | 0 |
_aWomen in astronautics _zUnited States _vJuvenile literature. _96554814 |
|
| 650 | 0 |
_aWomen in engineering _zUnited States _vJuvenile literature. _96554815 |
|
| 650 | 0 |
_aWomen in science _zUnited States _vJuvenile literature. _96554816 |
|
| 610 | 2 | 1 |
_aProject Apollo (U.S.) _xHistory. _95705976 |
| 650 | 1 |
_aWomen in astronautics _zUnited States. _96554817 |
|
| 650 | 1 |
_aWomen in engineering _zUnited States. _96554818 |
|
| 650 | 1 |
_aWomen in science _zUnited States. _96554819 |
|
| 700 | 1 |
_aMagnell, Molly, _eillustrator. _96554820 |
|
| 776 | 0 | 8 |
_iOnline version: _aSlade, Suzanne. _tWomen on a mission _dWatertown, MA : Charlesbridge, [2025] _z9781632893673 _w(DLC) 2024031431 |
| 999 |
_c413130 _d413130 |
||